Największe miasto w Europie na daną literę - Statystyki

Ogólne statystyki
  • Ten quiz został rozwiązany 207 razy
    153 od ostatniego zresetowania
  • Średni wynik to 12 z 22
Statystyki odpowiedzi
Litera Miasto Populacja % Poprawnych
L Londyn 14.8 mln
94%
M Moskwa 17.3 mln
91%
P Paryż 11.4 mln
89%
W Warszawa 2.38 mln
80%
S Stambuł 15.46 mln
79%
B Barcelona 4.78 mln
77%
R Rzym 3.58 mln
76%
O Oslo 1.19 mln
69%
A Ateny 3.35 mln
67%
K Kijów 3.48 mln
65%
Z Zagrzeb 809 tys
56%
H Hamburg 1.84 mln
55%
F Frankfurt 3.25 mln
52%
N Neapol 4.23 mln
48%
T Turyn 1.64 mln
44%
E Edynburg 935 tys
38%
C Charków 1.64 mln
35%
D Donieck 1.44 mln
32%
U Utrecht 995 tys
15%
G Genua 580 tys
14%
I Iwano-Frankiwsk 204 tys
2%
J Jaen 113 tys
1%
Nie znaleziono quizów pasujących do podanych kryteriów
Rozkład punktacji
Procent ludzi z każdym wynikiem
Percentyl według liczby udzielonych odpowiedzi
Twoja historia wyników
Nie rozwiązałeś tego quizu od ostatniego zresetowania